000 00742cam a2200181 4500
001 WS116505
008 020128n 000 0 eng u
035 _a(Sirsi) u116505
245 _aBermuda National Trust
520 _aWeb site for this organisation concerned with the historic environment of Bermuda. Includes a list of properties, news pages and details of letters of objection submitted to the Development Applications Board.
650 _aBERMUDA
650 _aORGANISATION
650 _aINTERNATIONAL
650 _aHISTORICAL BUILDINGS
690 _aBUILT ENVIRONMENT-BUILDING MAINTENANCE AND REFURBISHMENT-BUILDING CONSERVATION
856 4 0 _uhttps://www.bnt.bm
_zView the website free of charge at www.bnt.bm...
942 _n0
999 _c120002
_d120002